|
|
|
|
| LEADER |
00000nab a2200000 a 4500 |
| 001 |
vtls008875458 |
| 003 |
SK-MaSNL |
| 005 |
20260317135125.0 |
| 008 |
250505c2005 xo 0 slo |
| 015 |
|
|
|a SNBCL2005/5
|
| 035 |
|
|
|a SLK036739
|
| 035 |
|
|
|a urn:nbn:sk:snk-abygl
|
| 035 |
|
|
|a (urnnbn)urn:nbn:sk:snk:ar-a03ijc
|
| 035 |
|
|
|a (uuid)09c05981-ac15-4396-a774-888dcd41b9b4
|
| 040 |
|
|
|a SNKBUCL
|b slo
|c SNKBUCL
|e AACR2
|
| 041 |
0 |
|
|a eng
|b eng
|
| 044 |
|
|
|a xo
|c SK
|
| 080 |
|
|
|a 616.36-089
|2 1981
|
| 100 |
1 |
|
|a Třeška, Vladislav,
|d 1957-2023
|4 aut
|9 137021
|
| 245 |
1 |
0 |
|a New trends in liver surgery
|c V. Třeška
|
| 300 |
|
|
|b Obr.
|
| 504 |
|
|
|a Res. angl.
|
| 504 |
|
|
|a Bibliogr. odkazy
|
| 650 |
0 |
7 |
|a nádory pečene
|x chirurgia
|2 MESH
|9 1452325
|
| 650 |
0 |
7 |
|a chemoterapia adjuvantná
|2 MESH
|9 843215
|
| 650 |
0 |
7 |
|a hepatektómia
|x trendy
|2 MESH
|9 1452326
|
| 773 |
0 |
|
|t Bratislavské lekárske listy
|g Vol. 106, no. 10 (2005), s. 327-329
|x 0006-9248
|
| 850 |
|
|
|a Slovenská národná knižnica
|
| 852 |
|
|
|a Slovenská národná knižnica
|
| 958 |
|
|
|a article27
|
| 958 |
|
|
|a OND
|
| 958 |
|
|
|a EUIPO
|
| 999 |
|
|
|c 2906826
|d 2908756
|